| 000 | 00833nam0a22002531 4500 | ||
|---|---|---|---|
| 001 | rc\3580781 | ||
| 005 | 20250610044155.0 | ||
| 021 |
_aRU _b[75-2317а] |
||
| 035 | _a(NLR Aleph) 007697067 | ||
| 090 |
_a6704383 _c6704383 |
||
| 100 | _a20130115d1973 |||y0rusy50 ca | ||
| 101 | 0 | _arus | |
| 102 | _aRU | ||
| 105 | _aa z ||||| | ||
| 200 | 1 |
_aИсследование процесса взаимодействия рабочих организаций _e(05.20.01) _fЧеляб. ин-т |
|
| 210 |
_aЧелябинск _cБ. и. _d1973 |
||
| 215 |
_a27 с. _cчерт. |
||
| 320 | _aСписок работ авт.: с. 26-27 (7 назв.) | ||
| 700 | 1 |
_aПечерцев _bН.А. _gНиколай Андреевич |
|
| 801 | 0 |
_aRU _bNLR _gpsbo |
|
| 801 | 1 |
_aRU _bELAR _2rusmarc |
|
| 852 |
_aNLR _j74-4/39642 |
||
| 942 | _cBOOK | ||
| 980 | _aNB | ||